| 000 | 00709nam a22001937a 4500 | ||
|---|---|---|---|
| 005 | 2012072709569.0 | ||
| 010 | _aG-002079 | ||
| 020 |
_a9780983149033 _c150.00 |
||
| 035 | _aG-002079 | ||
| 037 |
_adpl _bGift |
||
| 100 |
_aSaraswatiji, Chidanand _950550 |
||
| 245 |
_aPeace: _bFor ourselves, our families, our communities and our world _cby Chidanand Saraswati |
||
| 260 |
_aUttarakhand _bParmarth Niketan _c2006 |
||
| 270 |
_aP.O. Swargashram; Rishikesh(Himalayas) _bUttarakhand _e249304 |
||
| 300 |
_a184 p. _c20 cm. |
||
| 942 |
_2ddc _cEN _mSAR |
||
| 999 |
_c68764 _d68764 |
||